Obras completas / (Record no. 16995)
[ view plain ]
| 000 -LEADER | |
|---|---|
| campo de control de longitud fija | 01718nam a2200301 i 4500 |
| 001 - NÚMERO DE CONTROL | |
| campo de control | 16995 |
| 003 - IDENTIFICADOR DE NÚMERO DE CONTROL | |
| campo de control | ES-MaACL |
| 005 - FECHA Y HORA DE LA ÚLTIMA TRANSACCIÓN | |
| campo de control | 20240118063000.0 |
| 007 - CAMPO FIJO DE DESCRIPCIÓN FÍSICA--INFORMACIÓN GENERAL | |
| campo de control de longitud fija | t| |
| 008 - DATOS DE LONGITUD FIJA--INFORMACIÓN GENERAL | |
| campo de control de longitud fija | 001129m19849999sp |||| |dspa d |
| 020 ## - NÚMERO INTERNACIONAL ESTÁNDAR DEL LIBRO | |
| Número Internacional Estándar del Libro | 84-600-3722-3 |
| 080 ## - NÚMERO DE LA CLASIFICACIÓN DECIMAL UNIVERSAL | |
| Número de la Clasificación Decimal Universal | 821.134.2-821"17" |
| 080 ## - NÚMERO DE LA CLASIFICACIÓN DECIMAL UNIVERSAL | |
| Número de la Clasificación Decimal Universal | 081 Jovellanos, Gaspar Melchor de |
| 100 1# - ENTRADA PRINCIPAL--NOMBRE DE PERSONA | |
| Nombre de persona | Jovellanos, Gaspar Melchor de, |
| Fechas asociadas al nombre | 1744-1811 |
| 9 (RLIN) | 222580 |
| 245 10 - MENCIÓN DEL TÍTULO | |
| Título | Obras completas / |
| Mención de responsabilidad, etc. | Gaspar Melchor de Jovellanos ; edición crítica, introducción y notas de José Miguel Caso González. |
| 260 ## - PUBLICACIÓN, DISTRIBUCIÓN, ETC. | |
| Lugar de publicación, distribución, etc. | Oviedo : |
| Nombre del editor, distribuidor, etc. | Centro de Estudios del Siglo XVIII, Ilustre Ayuntamiento de Gijón, |
| Fecha de publicación, distribución, etc. | 1984- |
| 300 ## - DESCRIPCIÓN FÍSICA | |
| Extensión | 9 v. ; |
| Dimensiones | 25 cm. |
| 490 1# - MENCIÓN DE SERIE | |
| Mención de serie | Colección de autores españoles del siglo XVIII ; |
| Designación de volumen o secuencia | 22-I-VII |
| 500 ## - NOTA GENERAL | |
| Nota general | A partir del tomo 4, el editor cambia su denominación por la de : Instituto Feijoo de Estudios del Siglo XVIII. |
| 500 ## - NOTA GENERAL | |
| Nota general | En 10 v. |
| 505 8# - NOTA DE CONTENIDO CON FORMATO | |
| Nota de contenido con formato | Contiene: 1. Obras literarias -- 2. Correspondencia 1º, 1767-Junio de 1794 -- 3. Correspondencia 2º, Julio 1794-Marzo 1801 -- 4. Correspondencia 3º, Abril 1801-Septiembre 1808 -- 5. Correspondencia 4º, Octubre 1808-1811, addenda -- 6. Diario 1º. (Cuadernos I a V, hasta 30 de Agosto de 1794) -- 7. Diario 2º. Cuadernos V, conclusión, VI y VII (desde el 1 de septiembre de 1794 hasta el 18 de agosto de 1797)- 9. Escritos asturianos - 11. Escritos políticos |
| 700 1# - ENTRADA AGREGADA--NOMBRE PERSONAL | |
| Nombre de persona | Caso González, José. |
| 9 (RLIN) | 36328 |
| 710 2# - ENTRADA AGREGADA--NOMBRE DE ENTIDAD CORPORATIVA | |
| Nombre de entidad corporativa o nombre de jurisdicción como elemento de entrada | Universidad de Oviedo. |
| Unidad subordinada | Centro de Estudios del Siglo XVIII. |
| 9 (RLIN) | 7262 |
| 710 2# - ENTRADA AGREGADA--NOMBRE DE ENTIDAD CORPORATIVA | |
| Nombre de entidad corporativa o nombre de jurisdicción como elemento de entrada | Instituto Feijoo de Estudios del Siglo XVIII |
| 9 (RLIN) | 5055 |
| 830 0# - PUNTO DE ACCESO ADICIONAL DE SERIE-TÍTULO UNIFORME | |
| Título uniforme | Colección de autores españoles del siglo XVIII ; |
| Designación de volumen o secuencia | 22-I-VII |
| 9 (RLIN) | 228687 |
| 852 ## - LOCALIZACIÓN | |
| Ubicación | ES-MaACL |
| Número de control de estantería | P-1505 |
| Estatus retirado | Estado de pérdida | Estado de daño | No para préstamo | Biblioteca de origen | Biblioteca actual | Ubicación en estantería | Fecha de adquisición | Fuente de adquisición | Total de préstamos | Signatura topográfica completa | Código de barras | Visto por última vez | Precio de reemplazo | Tipo de ítem Koha |
|---|---|---|---|---|---|---|---|---|---|---|---|---|---|---|
| Biblioteca del Ateneo de Madrid | Biblioteca del Ateneo de Madrid | Depósito 2 | 17/01/2008 | P-1505 | 1017340 | 23/02/2023 | 23/02/2023 | Libro impreso |
